01218nam a2200301Ia 4500001001200000003000800012006001900020007001500039008004100054020002200095020002500117040002100142035002100163050002500184100002700209245012900236260007500365300002200440490002000462504005000482533015200532650001800684650002500702655002900727710001700756856012600773999001700899ebr10256808CaPaEBRm u cr cn|||||||||060118s2007 enka sb 000 0 eng d z1412920256 (pbk.) z9781412920254 (pbk.) aCaPaEBRcCaPaEBR a(OCoLC)28556301114aLB1042b.D335 2007eb1 aDavies, Alison,d1972-10aStorytelling in the classroomh[electronic resource] :benhancing oral and traditional skills for teachers /cAlison Davies. aLondon :bPaul Chapman Pub. ;aThousand Oaks :bSAGE Pub. Inc.,c2007. av, 136 p. :bill.0 aLucky Duck book aIncludes bibliographical references (p. 136). aElectronic reproduction.bPalo Alto, Calif. :cebrary,d2013.nAvailable via World Wide Web.nAccess may be limited to ebrary affiliated libraries. 0aStorytelling. 0aOral interpretation. 7aElectronic books.2local2 aebrary, Inc.40uhttp://site.ebrary.com/lib/rucke/Doc?id=10256808zAn electronic book accessible through the World Wide Web; click to view c31433d31433